Spain : Financial Sector Reform: First Progress Report.

The report analyses Spain's financial sector reform program and throws light on the role that the European Financial Stability Facility (EFSF) played in supporting the restructuring and recapitalization of its financial sector. It stated that the two major areas that have been looked at by IMF...

Πλήρης περιγραφή

Λεπτομέρειες βιβλιογραφικής εγγραφής
Συγγραφή απο Οργανισμό/Αρχή: International Monetary Fund. European Dept
Μορφή: Επιστημονικό περιοδικό
Γλώσσα:English
Έκδοση: Washington, D.C. : International Monetary Fund, 2012.
Σειρά:IMF Staff Country Reports; Country Report ; No. 2012/318
Διαθέσιμο Online:Full text available on IMF
LEADER 01568cas a2200241 a 4500
001 AALejournalIMF013202
008 230101c9999 xx r poo 0 0eng d
020 |c 5.00 USD 
020 |z 9781475518399 
022 |a 1934-7685 
040 |a BD-DhAAL  |c BD-DhAAL 
110 2 |a International Monetary Fund.  |b European Dept. 
245 1 0 |a Spain :   |b Financial Sector Reform: First Progress Report. 
264 1 |a Washington, D.C. :  |b International Monetary Fund,  |c 2012. 
300 |a 1 online resource (52 pages) 
490 1 |a IMF Staff Country Reports 
500 |a <strong>Off-Campus Access:</strong> No User ID or Password Required 
500 |a <strong>On-Campus Access:</strong> No User ID or Password Required 
506 |a Electronic access restricted to authorized BRAC University faculty, staff and students 
520 3 |a The report analyses Spain's financial sector reform program and throws light on the role that the European Financial Stability Facility (EFSF) played in supporting the restructuring and recapitalization of its financial sector. It stated that the two major areas that have been looked at by IMF staff are the macrofinancial context and Spain's progress in financial sector reforms. The key risk factors that hamper economic development are emphasized, and certain measures to overcome the same are suggested. 
538 |a Mode of access: Internet 
830 0 |a IMF Staff Country Reports; Country Report ;  |v No. 2012/318 
856 4 0 |z Full text available on IMF  |u http://elibrary.imf.org/view/journals/002/2012/318/002.2012.issue-318-en.xml  |z IMF e-Library